La globalización y la muerte del Estado-Nación / (Record no. 163884)

MARC details
000 -CABECERA
campo de control de longitud fija 00630nam a2200205 u 4500
005 - FECHA Y HORA DE LA ÚLTIMA TRANSACCIÓN
campo de control 20210223132114.0
008 - ELEMENTOS DE LONGITUD FIJA--INFORMACIÓN GENERAL
campo de control de longitud fija 130626s2004 mx r 000 0 spa d
020 ## - NÚMERO INTERNACIONAL NORMALIZADO PARA LIBROS
Número Internacional Estándar del Libro 9707520043
035 ## - NÚMERO DE CONTROL DEL SISTEMA
Número de control de sistema UPN01000191781
049 ## - COLECCIÓN
Colección CG
050 #4 - SIGNATURA TOPOGRÁFICA DE LA BIBLIOTECA DEL CONGRESO
Número de clasificación JZ1318
Número de documento/Ítem C3.5
100 1# - ASIENTO PRINCIPAL--NOMBRE PERSONAL
Nombre de persona Campos, Ricardo
9 (RLIN) 34284
245 13 - MENCIÓN DE TÍTULO
Título La globalización y la muerte del Estado-Nación /
Mención de responsabilidad, etc. Ricardo Campos, Luis Miguel Martínez Anzures.
260 ## - PUBLICACIÓN, DISTRIBUCIÓN, ETC.
Lugar de publicación, distribución, etc. México :
Nombre del editor, distribuidor, etc. ISAP,
Fecha de publicación, distribución, etc. 2004.
300 ## - DESCRIPCIÓN FÍSICA
Extensión 90 p.
650 #4 - ASIENTO SECUNDARIO DE MATERIA - TERMINO TEMATICO
Término de materia o nombre geográfico como elemento de entrada GLOBALIZACION -
Subdivisión general ASPECTOS POLITICOS
9 (RLIN) 8894
700 1# - ASIENTO SECUNDARIO--NOMBRE DE PERSONAL
Nombre de persona Martínez Anzures, Luis Miguel,
Término indicativo de función/relación coaut.
9 (RLIN) 34090
905 ## - TIPO DE MATERIAL
Tipo de material Libro
Holdings
Estado de retiro Estado de pérdida Fuente del sistema de clasificación o colocación Estado dañado No para préstamo Código de colección Localización permanente Ubicación/localización actual Ubicación en estantería Total de préstamos Clasificación Código de barras Fecha visto por última vez Número de copia Tipo de ítem Koha
    Library of Congress Classification     Colección General Bib. Gregorio Torres Quintero Bib. Gregorio Torres Quintero Planta baja 3 JZ1318 C3.5 289276 31/12/2020 1 Libro